000 00589nam a2200193Ia 4500
999 _c59454
_d59454
003 GCL
005 20240530110232.0
008 140319s9999 xx 000 0 ara d
040 _aGCL /
_cGCL
082 0 4 _aم
_b103
_bم م
100 1 _aمجمع اللغة العربية
245 1 0 _aالمعجم الفلسفى /
_cمجمع اللغة العربية
260 _aالقاهرة :
_bالمطابع الاميرية ،
_c1983
300 _a336 ص ؛
_c24 سم
650 0 4 _aالفلسفة
650 0 4 _aالمعاجم
700 _aابراهيم مدكور
942 _2ddc
_cREF